000 00990nam a2200277 a 4500
001 24631
003 CO-ViMGA
005 20230915232010.0
008 141112s2004 ck r 000 u spa d
015 _ack - 2009 - xxxx
020 _a9789586486378
040 _aCO-ViMGA
_bspa
_cCO-ViMGA
082 0 4 _a338.4791 J45e
100 1 _aJiménez Bulla, Luis Hernando.
_936690
245 1 0 _aEcoturismo, oferta y desarrollo sistémico /
_cLuis Hernando Jiménez Bulla.
260 _aBogotá :
_bEcoe Ediciones,
_c2009.
300 _a144 p. ; 24 cm.
490 _aTextos universitarios; Ecología y medio ambiente
650 1 4 _aDesarrollo sostenible
650 1 4 _aIndustria de turismo ecológico
_936691
650 1 4 _aPromoción de turismo rural
_936692
650 1 4 _aTurismo ecológico
_936693
852 _ 17.648.30
942 _2ddc
_cBK
949 _ac n
999 _c32446
_d32446